Teuerste Transferzugänge der Bundesliga 15/16 - Statistiken

Allgemein
  • Dieses Quiz wurde 52 mal gespielt
  • Das Durchschnittsergebnis liegt bei 6 aus 15
Antwortstatistiken
Platz Name Abgebender Verein Aufnehmender Verein Ablöse % Korrekt
1 Julian Draxler Schalke 04 VfL Wolfsburg 43,00 Mio
98%
3 Douglas Costa Shakhtar Donetsk Bayern München 30,00 Mio
90%
2 Arturo Vidal Juventus Turin Bayern München 39,25 Mio
64%
5 Chicharito Manchester United Bayer 04 Leverkusen 12,00 Mio
62%
7 Gonzalo Castro Bayer 04 Leverkusen Borussia Dortmund 11,00 Mio
40%
13 Joshua Kimmich VfB Stuttgart Bayern München 8,50 Mio
38%
12 Jonathan Tah Hamburger SV Bayer 04 Leverkusen 9,50 Mio
33%
6 Max Kruse Borussia Mönchengladbach VfL Wolfsburg 12,00 Mio
31%
11 Matija Nastasic Manchester City Schalke 04 9,50 Mio
26%
4 Charles Aranguiz SC Internacional Bayer 04 Leverkusen 13,00 Mio
19%
9 Johannes Geis Mainz 05 Schalke 04 10,50 Mio
19%
8 Kevin Kampl Borussia Dortmund Bayer 04 Leverkusen 11,00 Mio
19%
14 Thorgan Hazard FC Chelsea Borussia Mönchengladbach 8,00 Mio
17%
15 Admir Mehmedi SC Freiburg Bayer 04 Leverkusen 8,00 Mio
14%
10 Josip Drmic Bayer 04 Leverkusen Borussia Mönchengladbach 10,00 Mio
12%
Keine übereinstimmenden Quizze gefunden
Verteilung der Resultate
Anzahl Personen mit jedem Resultat
Perzentil nach korrekt beantworteten Fragen
Ihre Resultats-Entwicklung
Sie haben dieses Quiz noch nicht gespielt